Contabilidad básica : la partida doble conforme a la ecuación patrimonial /

Guardado en:
Autor Principal: Perriello, Nicolás R.
Otros Autores: Cuccarese, Roque V.
Formato: Libro
Publicado: Buenos Aires : El Coloquio, 1977
Materias:
Etiquetas: Agregar Etiqueta
Sin Etiquetas, Sea el primero en etiquetar este registro!
LEADER 00807nam a22002175a 4500
001 CEM.cems005013
005 20060217000000.0
008 130507s1977##################000#0#####d
003 CEMS
082 0 4 |a 657 
100 1 |a Perriello, Nicolás R. 
245 1 0 |a Contabilidad básica :  |b la partida doble conforme a la ecuación patrimonial / 
260 |a Buenos Aires :  |b El Coloquio,  |c 1977 
300 |a 465 p. 
505 0 |a Sociedades.-Consignaciónes.-Comisiones.-Agentes auxiliares del comercio. -Tenedur¡a de libros.-Balance general.-Inventario.-Cuadro demostrativo de p'rdidas y ganancias 
653 |a Balance de comprobacion 
653 |a Clearing 
653 |a Contabilidad 
653 |a Cuentas-clasificacion 
700 1 |a Cuccarese, Roque V. 
859 |a CEMS  |b BIB. CEMS - 11 de abril  |h 657  |i P428  |p 12876.84  |t Ej.1